Microsoft Office Word 2003

Shranjeno v:
Bibliografske podrobnosti
Glavni avtor: O'Leary, Timothy J. 1947-
Drugi avtorji: O'Leary, Linda I.
Format: Knjiga
Jezik:English
Izdano: Boston McGraw-Hill Technology Education 2004
Izdaja:Brief ed.
Serija:The O'Leary series
Teme:
Oznake: Označite
Brez oznak, prvi označite!
Thư viện lưu trữ: Mạng thư viện Đại học Đà Nẵng
LEADER 01204nam a2200361 4500
001 000021348
003 17795
005 20150417150449.0
008 150417s2004 engsd
020 |a 0072835338 (acid-free paper) 
041 0 |a eng 
082 0 0 |a 005.52|222  |b OL-T 
100 1 |a O'Leary, Timothy J.  |d 1947- 
245 1 0 |a Microsoft Office Word 2003  |c Timothy J. O'Leary, Linda I. O'Leary 
250 |a Brief ed. 
260 |a Boston  |b McGraw-Hill Technology Education  |c 2004 
300 |a 1 v. (various pagings)  |b ill. (chiefly col.)  |c 28 cm. 
490 1 |a The O'Leary series 
500 |a Includes index 
650 0 |a Word processing 
653 |a Microsoft Word 
653 |a Tin học 
700 1 |a O'Leary, Linda I. 
OWN |a LSP 
AVA |a UDN50  |b LSP  |d 005.52|222 OL-T  |e available  |t Error 5001 Not defined in file expand_doc_bib_avail.  |f 1  |g 0  |h N  |i 0  |k 1 
999 |a From the UDN01 
AVA |a UDN50  |b LSP  |d 005.52|222 OL-T  |e available  |t Error 5001 Not defined in file expand_doc_bib_avail.  |f 1  |g 0  |h N  |i 0  |k 1 
TYP |a Monograph 
TYP |a Printed language 
980 |a Mạng thư viện Đại học Đà Nẵng